Statistics for Ranomafana National Park Wildlife

Click here to take the quiz!

General Stats

  • This quiz has been taken 2 times
  • The average score is 31 of 52

Answer Stats

Answer% Correct
Aye-aye
100%
Black And White Ruffed Lemur
100%
Blue Coua
100%
Boa's Rhinoceros Beetle
100%
Brown Leaf Chameleon
100%
Common Madagascar Skink
100%
Crested Drongo
100%
Giraffe Weevil
100%
Lowland Streaked Tenrec
100%
Madagascar Buzzard
100%
Madagascar Pygmy Kingfisher
100%
Madagascar Scops Owl
100%
Madagascar Tree Boa
100%
Madagascar White eye
100%
Malagasy Kestrel
100%
Malagasy Paradise Flycatcher
100%
Malagasy Sunbird
100%
Milne Edward's Sifaka
100%
Ring Tailed Vontsira
100%
Satanic Leaf Tailed Gecko
100%
Small Toothed Sportive Lemur
100%
Baron's Mantela
50%
Cuvier's Madagascar Swift
50%
Fanaloka
50%
Golden Bamboo Lemur
50%
Madagascan Fruit Bat
50%
Madagascan Moon Moth
50%
Madagascar Blue Vanga
50%
Madagascar Flufftail
50%
Madagascar Hermit Spider
50%
Madagascar Sunset Moth
50%
Mascarene Martin
50%
Mediumwing Kitespider
50%
Ornate Girdled Lizard
50%
Pitta-Like Ground Roller
50%
Ranomafana Nosed Chameleon
50%
Red Bellied Lemur
50%
Red Fody
50%
Red Fronted Lemur
50%
Whitebelly Reed Frog
50%
Common Madagascar Cat Snake
0%
Cryptic Chameleon
0%
Eastern Nesomys
0%
Greater Bamboo Lemur
0%
Green Bright Eyed Frog
0%
Lesser Madagascar Day Gecko
0%
Madagascar Blue Pigeon
0%
Peacock Day Gecko
0%
Peyrierias's Woolly Lemur
0%
Tailless Tenrec
0%
Two Banded Chameleon
0%
White Banded Tree Snake
0%

Score Distribution

Percentile by Number Answered

Percent of People with Each Score

Your Score History

You have not taken this quiz